000 00666nam a22001695i 4500
001 157907
003 ES-MaACL
005 20230906210911.0
008 040708s1882 xxk |||| | eng d
040 _aCAM
_bspa
_cCAM
245 0 0 _aLocal government and taxation in the United Kingdom
_b: a series of essays published under the sanction of the Cobden Club /
_cedited by J.W. Probyn.
260 _aLondon :
_bParis ;
_aNew York :
_bCassell Petter, Galpin & co.,
_c1882.
300 _aVI, 520 p. ;
_c18 cm.
700 1 _aProbyn, J.W.
_9131381
710 2 _aCobden Club (London, England)
_92870
852 _aES-MaACL
_jC-3878
_z-- Enc. tela
_z-- Sello del Cobden Club
999 _c157907
_d157907